Future fastforward : the Zionist Anglo-American empire meltdown
| Main Author: | |
|---|---|
| Format: | Book |
| Published: |
Batu Caves,Selangor :
Thinker's Library ,
2005
|
| Subjects: |
MARC
| LEADER | 00000cam a2200000 7i4500 | ||
|---|---|---|---|
| 001 | 0000003314 | ||
| 005 | 20050823.0 | ||
| 020 | 0 | 0 | |a 9676904112 (pbk.) |
| 090 | 0 | 0 | |a 320.54095694 |b CHA |
| 100 | 1 | 0 | |a Chang, Matthias |
| 245 | 1 | 0 | |a Future fastforward : |b the Zionist Anglo-American empire meltdown |c Matthias Chang |
| 260 | 0 | 0 | |a Batu Caves,Selangor : |b Thinker's Library , |c 2005 |
| 300 | |a xxiii ; |c 23cm. | ||
| 650 | 0 | 0 | |a Propaganda, Zionist |
| 650 | 0 | 0 | |a Zionism |
| 999 | |a 0000006268 |b Monograph |c Open Shelf |e Default branch | ||